00498nam a2200181Ia 4500003000900000008004100009020001800050040001600068080001300084100001700097245008600114260003600200300001000236650001000246650001200256650002800268710002000296IN-BaIIA211028s9999 xx 000 0 eng d a0-8094-3787-2 cIIA Library aGENbTLB aAllen Oliver 0aBuilding sound bones and muscles.cE. Allen Oliver  aVirginiabTime-Life Booksc1981 a176p. aBones aMuscles aMusculo skeletal system aEditors of Time